La province du Roussillon de A à Z - Statistiques

Statistiques générales
  • Ce quiz a été pris 14 fois
  • Le résultat moyen est 8 sur 26
Statistiques - réponses
Lettre Question Réponse % Correct
L Roi de France proclamé comte de Barcelone, de Roussillon et de Cerdagne par les Catalans en 1641 Louis XIII
100%
U Commune du Roussillon en 2 lettres Ur
100%
C Pic qui surplombe le Roussillon Canigou
91%
P Le Roussillon couvrait l'essentiel de ce département Pyrénées-Orientales
91%
T Fleuve qui irrigue le Roussillon Tech | Têt
91%
R Le département porte ce nom du 9 au 26 février 1790 Roussillon
64%
A Fleuve qui irrigue le Roussillon Agly
55%
F Pays ajouté au Roussillon lors de la constitution des départements Fenouillèdes
45%
E Ancien diocèse du Roussillon Elne
36%
H Ancien nom de Bourg-Madame Hix
27%
V Le Roussillon était divisé en 3 vicairies appelées localement Vigueries
18%
Z Le camp pour juifs et étrangers de Rivesaltes a été surnommé le "Drancy de la..." (2 mots) zone libre
18%
D Peintre né en 1880 à Chatou, fauve, qui a beaucoup représenté le Roussillon (prénom et nom) André Derain
9%
K Réalisatrice du film Coup de foudre tourné dans le Roussillon en 1983 Diane Kurys
9%
I Cinémathèque fondée en 1983 à Perpignan Institut Jean-Vigo
9%
M Vilar d'Ovansa est l'actuelle commune de Mont-Louis
9%
B Traité signé dans cette ville prévoyant l'assistance mutuelle entre la France et l'Aragon Bayonne
0%
G Comte d'Empuries et du Roussillon qui cède son comté au roi Alphonse II d'Aragon Girard | Guisnard
0%
J Réalisateur du film La Scoumoune tourné dans le Roussillon en 1972 José Giovanni
0%
N Réalisateur du film L'Ingénu tourné dans le Roussillon en 1972 (prénom et nom) Norbert Carbonnaux
0%
O Traité de confédération signé dans cette ville entre Jean II d'Aragon et Louis XI de France Olite
0%
Q Lieu de signature du capitulaire rendant le Roussillon transmissible par héritage. Quierzy
0%
S Nom du comte d'Empuries dont la famille possède une partie du Roussillon au Xe siècle (prénom) Suniaire
0%
W Documentaire de 2018 sur les vignerons du Roussillon au titre anglais (2 mots) Wine calling
0%
X Philosophe et officier de marine mort à Err en 2013 (prénom et nom) Xavier Sallantin
0%
Y Acteur principal du film Chine ma douleur tourné en 1989 dans le Roussillon Yi Nghieu
0%
Aucun quiz correspondant
Distribution des résultats
% des personnes avec chaque résultat
Percentile par nombre de réponses
Votre historique - résultats
Vous n’avez pas pris ce quiz